000 00507nam a2200205Ia 4500
003 OSt
005 20140405084926.0
008 140130s9999 xx 000 0 und d
020 _a0439341744
050 _aPZ 7
_b.T233If 2002
100 _aTeitelbaum, Michael
245 _cMichael Teitelbaum.
_aIf I could drive a crane /
260 _bScholastic,
_c2002.
_aUSA :
300 _a30 p. :
_bcol. ill. ;
_c22 cm.
440 _v1
521 _aG4
526 _c680
942 _cBK
_2lcc
999 _c40970
_d40970